000 00633nam a2200241Ia 4500
003 OSt
005 20221005024239.0
006 a|||||r|||| 00| 0
007 ta
008 221004b |||||||| |||| 00| 0 eng d
024 _a66142
037 _cTextual
040 _aCRL
_cCRL
_beng
041 _2eng
_aeng
082 _aV55.N<-M, M6
100 _aEley Geoff
245 0 _aForm unification to nazism
_b Reinterpreting the German past
260 _aBoston
_bAllen and Unwin
_c1986
300 _a290p
_ccm.
650 _aHISTORY
942 _hV55.N<-M, M6
_cTEXL
_2cc
999 _c932551
_d932551